Photographic approach to people.

Bibliographic Details
Main Author: Theisen, Earl
Format: Book
Language:English
Published: Philadelphia : Chilton Books, [1966]
Subjects:

MARC

Tag First Indicator Second Indicator Subfields
LEADER 00000cam a2200000 4500
001 in00000093523
005 20150927070152.0
008 750512s1966 eng u
010 |a  66023326  
035 |a (OCoLC)01327754 
035 |9 AAL5370AM 
040 |c ORL  |d TXA  |d UtOrBLW 
049 |a TXAM  |c [528969] 
050 0 0 |a TR575  |b .T5 
082 0 |a 778.92 
100 1 |a Theisen, Earl. 
245 1 0 |a Photographic approach to people. 
264 1 |a Philadelphia :  |b Chilton Books,  |c [1966] 
300 |a 160 pages :  |b illustrations, portraits ;  |c 26 cm. 
336 |a text  |b txt  |2 rdacontent 
337 |a unmediated  |b n  |2 rdamedia 
338 |a volume  |b nc  |2 rdacarrier 
650 0 |a Portrait photography. 
999 |a MARS 
999 f f |s b9e3761a-7ab7-3fc3-bf59-ace3f0a883cf  |i 61008c99-b380-30f1-bb24-ba96a045c01d  |t 0 
952 f f |p normal  |a Texas A&M University  |b College Station  |c Sterling C. Evans Library  |d Evans: Library Stacks  |t 0  |e TR575 .T5  |h Library of Congress classification  |i unmediated -- volume  |m A14805627375 
998 f f |a TR575 .T5  |t 0  |l Evans: Library Stacks